NES horror games - Statistics

General Stats
  • This quiz has been taken 13 times
  • The average score is 3 of 7
Answer Stats
Year Type Game % Correct
1986 Run-and-gun Ghosts N Goblins
90%
1990 Light gun chiller
70%
1989 Platformer Monster Party
40%
1986 Platformer Caslevania
20%
1990 Platformer Castlevania III Dracula's Curse
20%
1988 Platformer Castlevania II Simon's Quest
20%
1989 Platformer Splatterhouse: Wanpaku Graffiti
20%
No matching quizzes found
Score Distribution
Percent of People with Each Score
Percentile by Number Answered
Your Score History
You have not taken this quiz